000 00376nam a22001577a 4500
999 _c11461
_d11461
003 OSt
008 220823b ||||| |||| 00| 0 eng d
020 _a9780070532465
082 _a005.133 SCC
100 _aSCHILDT,Herbert
245 _aComplete reference ;C++
250 _a44th Reprint
260 _aNew Delhi
_bMcgraw Hill
_c2021
300 _a1023
942 _2ddc
_cBK
_05